SITxell : Sistema d'Informació Territorial de la xarxa d'espais lliures : anàlisi territorial, análisis territorial, territorial analysis Sistema d'Informació Territorial de la xarxa d'espais lliures :
Publicado:
Barcelona :
Diputació de Barcelona. Àrea d'Espais Naturals. Oficina Tècnica de Planificació i Anàlisi Territorial ,
2005
Descripción Física:
19 p. : il. col. ; 21 cm
MARC
| LEADER | 00000nam a2200000Ia 4500 | ||
|---|---|---|---|
| 001 | 17905 | ||
| 008 | 160829s2005 xx 000 0 cat d | ||
| 080 | |a FU-47-31 | ||
| 245 | |a SITxell : |b Sistema d'Informació Territorial de la xarxa d'espais lliures : |b anàlisi territorial, análisis territorial, territorial analysis | ||
| 260 | |a Barcelona : |b Diputació de Barcelona. Àrea d'Espais Naturals. Oficina Tècnica de Planificació i Anàlisi Territorial, |c 2005 | ||
| 300 | |a 19 p. : |b il. col. ; |c 21 cm | ||
| 590 | |a Text en català, castellà i anglès | ||
| 650 | 0 | |a Ordenació del territori |z Catalunya |9 39338 | |
| 650 | |a Espais lliures |x Catalunya |9 39339 | ||
| 710 | |a Barcelona (Catalunya : Província). |b Àrea d'Espais Naturals |9 9050 | ||
| 901 | |a Arxiu | ||
| 942 | |n 1 | ||
| 952 | |0 0 |1 0 |4 0 |6 FU4731 |7 1 |9 48955 |a Arxiu |b Arxiu |d 2016-12-01 |l 0 |o FU-47-31 |p 17905 |r 2016-12-01 00:00:00 |w 2016-12-01 |y ARXIU | ||
| 999 | |c 52790 |d 52790 | ||